| 000 | 00647nam a22002177a 4500 | ||
|---|---|---|---|
| 003 | OSt | ||
| 005 | 20251223141829.0 | ||
| 008 | 251223b |||||||| |||| 00| 0 eng d | ||
| 040 | _cDCL | ||
| 041 | _aEnglish | ||
| 082 | _a959.126 | ||
| 100 | 0 | _aTha Hla, Maung | |
| 245 | 1 | 2 |
_aThe Rakhaing / _cby Maung Tha Hla. |
| 260 |
_a N.Y., _bBuddhist Rakhaing Cultural Association, _c2004. |
||
| 300 |
_a268 pages : _c21 cm. |
||
| 504 | _aBibliography: p. 251-267 | ||
| 651 |
_aRakhine State (Burma) _vHistory |
||
| 651 |
_aRakhine State (Burma) _vKings and rulers. |
||
| 651 |
_aMyanmar _vHistory _yTo 1824. |
||
| 942 |
_2ddc _cSHORT TERM _n0 |
||
| 999 |
_c2794 _d2794 |
||